A-Z: Answers containing "Bat" - Statistics

General Stats
  • This quiz has been taken 12 times
  • The average score is 10 of 26
Answer Stats
Initial Clue Answer % Correct
B Tub in which to get washed Bath
100%
D Reasoned argument, discussion of an issue Debate
100%
S Sunday Sabbath
92%
A Slaughterhouse Abattoir
75%
I Sit on eggs in order to keep them warm and bring them to hatching Incubate
75%
P Trial period for a released prisoner, or for a new person in a job Probation
75%
R Refund of money for overpayment Rebate
75%
V Word-for-word, an exact quote of original text Verbatim
75%
G Relative of the above, with a phantom name Ghost bat
58%
F Type of flying mammal which includes the largest species Fruit bat
50%
W Kind of "bat" which is unable to fly (as far as we know) Wombat
50%
L The act of pouring a liquid as a sacrifice, or for a celebratory drink Libation
42%
E Under pressure; struggling to maintain a position of power Embattled
33%
N Marsupial so cold that it has lost sensation? Numbat
25%
T A Turkmen city Turkmenabat
17%
U Relentless, not lessening Unabated
17%
C City of India where first mine eventually reveals what they were digging for Coimbatore
8%
Z Flying-type Pokemon Zubat
8%
H A Saudi city not far from the Iraqi border, in the Eastern Province Hafar al-Batin
0%
J Flying animal from the island where Kingston is located, associated with colourful plants Jamaican flower bat
0%
K Relating to wind produced by the flow of cold, dense air at a mountain location Katabatic
0%
M Tree also known as wild cinnamon, with a name suggesting a bad toilet Malabathrum
0%
O Any of a superfamily of eyeless mites discovered by a bar idiot Oribatid
0%
Q A town in the West Bank, about which one positive article is written Qabatiya
0%
X Town in eastern Iraq Xebat
0%
Y A village in Australia to which one might return for a marriage cut short Yarrambat
0%
No matching quizzes found
Score Distribution
Percent of People with Each Score
Percentile by Number Answered
Your Score History
You have not taken this quiz